LEADER 01406nam a2200325 u 4500 001 000000071822 003 CaOOAMICUS 005 20150914155608.0 008 020605s1990 it u000 u ita u 035 $a10932168 040 $aPUL(R)$bita 041 1 $aita$hspa 100 1 $aMendizabal, Luis Maria.$0(OLS)http://pul/name/42591 240 10$aDirecciíon espiritual : teoría y prática.$lItaliano.$0(OLS)http://pul/title/94522 245 13$aLa direzione spirituale :$bteoria e pratica /$cLuis Maria Mendizábal .. 260 $aBologna :$bEdizioni Dehoniane,$cc1990. 300 $a384 p.$c24 cm 490 1 $aCammini dello spirito 504 $aBibliografia: p. 375-380. 650 4$aDirezione spirituale.$0(OLS)http://pul/subject/8816 650 4$aSpiritualità.$0(OLS)http://pul/subject/843 830 0$aCammini dello spirito.$0(OLS)http://pul/title/19018 850 $aPUL 852 $aPUL$W1$xDP1 Religione 1$y20$m555 I 67$j92902$nBK-PRI$b $qStampati$B92902$CPULBib$Z2$F92902 $H $81 852 $aPUL$W1$xDP1 Fondo S. Lanza$y121$m3 N 41$j168565$qFondi$B169165$CPULBib$Z2$F169165 $HLAN1606 $82 941 1 $a8 941 1 $a1 961 $aINV: 65939 996 $6245$aLa direzione spirituale :$bteoria e pratica$9(OLS)http://pul/title/94523 996 $6260$aBologna :$bEdizioni Dehoniane$9(OLS)http://pul/publisher/48070 LEADER 01339nam a2200313 a 4500 001 000000160124 003 CaOOAMICUS 005 20170410163827.0 008 170410s2016 it 000 u ita r 020 $a978-0-8028-7330-9* 032 $aLibriCat 040 $aPUL$bita 082 14$a220.1 100 1 $aPeckham, John C.$0(OLS)http://pul/name/102421 245 10$aCanonical Theology : $bThe Biblical Canon, Sola Scriptura, and Theological Method /$cJohn C. Peckham. 260 $aGrand Rapids, Mich. :$bWm. B. Eerdmans Publishing Co.,$c©. 300 $a309 p. ;$c23 cm. 504 $aBibliografia in nota a piè pagina. 630 04$aBiblia$xTeologia.$0(OLS)http://pul/subject/11619 630 04$aBiblia.$0(OLS)http://pul/subject/2876 850 $aPUL 852 $aPUL$W1$xSL Religione 3$y85$m220. 1 PECJO 1$j183724$qDDC 21$B186932$CPULBib$Z2$F186932 $H129443 $81 941 1 $a9 960 $aBibbia$92876 996 $6020$a978-0-8028-7330-9*$9(OLS)http://pul/number/162461 996 $6082$a220.1$9(OLS)http://pul/classification/521 996 $6245$aCanonical Theology : $bThe Biblical Canon, Sola Scriptura, and Theological Method$9(OLS)http://pul/title/199770 996 $6260$aGrand Rapids, Mich. :$bWm. B. Eerdmans Publishing Co.$9(OLS)http://pul/publisher/60591